000 00340nam a2200133Ia 4500
008 240624s9999 xx 000 0 und d
041 _aeng
082 _a658.4 DAU
100 _aDAUPHINAIS WILLIAM G
245 _aSTRAIGHT FROM THE CEO THE WORLDS TOP BUS
260 _c1998
_aNew York
_bFireside
300 _a318 : p. : cm. ; 25
365 _c
999 _c3399
_d3399